000
00295nam a2200133Ia 4500
008
230312s9999||||xx |||||||||||||| ||und||
082
_a
891.4
_b
YOU-T
100
_a
Younas, Dr. Muhammad
245
0
_a
Too Too Maa Maa
260
_b
SangeMeel
300
_a
98
650
_a
Literature
942
_c
BK
999
_c
8694
_d
8694